Comparative religion : a short outline /

محفوظ في:

المؤلف الرئيسي: Bouquet, A. C. 1884-1976 (مؤلف)

التنسيق: كتاب

اللغة: English

منشور في: Harmondsworth, Middlesex : Penguin Books, 1950.

الطبعة: 3rd and rev. ed.

سلاسل: A Pelican book.

الموضوعات:

الوسوم: إضافة وسم

لا توجد وسوم, كن أول من يضع وسما على هذه التسجيلة!

رقم الطلب: BL80 .B625 1950

LEADER 00730nam a2200241Ii 4500
001 7352
003 OSt
005 20250901053155.0
008 130303s1950 enk b 001 0 eng d
035 |a ocm03309695 
040 |c ARCE Library 
050 4 |a BL80 .B625 1950 
100 1 |a Bouquet, A. C.  |q (Alan Coates),  |d 1884-1976,  |e author  |9 27117 
245 1 0 |a Comparative religion :  |b a short outline /  |c by A. C. Bouquet. 
250 |a 3rd and rev. ed. 
264 1 |a Harmondsworth, Middlesex :  |b Penguin Books,  |c 1950. 
300 |a 319 pages ;  |c 19 cm. 
490 0 |a A Pelican book. 
504 |a Includes bibliographical references (pages 305-312) and index. 
650 0 |a Religions. 
901 |a reviewed 
942 |c BK  |2 lcc 
999 |c 4667  |d 4667